000 00934nas a2200289 4500
001 BR8303751
003 BR-BrBNA
005 20231205085626.0
007 ta
008 230509b bl.|||p| |||| 00| 00por d
040 _aBR-BrBNA
_bpor
_cBiblioteca Nacional de Agricultura
041 _a(Pt)
072 _aF25
100 1 _aMarinho, M.L.
100 1 _aAlbuquerque, G.A.C. de
100 1 _aAraujo Filho, J.T. de A.
111 1 _a18. Congresso Brasileiro de Ciencia do Solo
_cSalvador, BA (Brazil)
_d30 Aug - 5 Sep 1981
245 1 _aCalibracao do AI+3 do solo para cana-de-acucar em Alagoas [Saccharum officinarum, Brasil]
650 _aCANA DE ACUCAR
650 _aCALCARIO DOLOMITICO
650 _aCALAGEM
650 _aALUMINIO
650 _aALAGOAS
773 0 _tSaccharum (Brazil)
_xISSN 0100-6223
_g(May-Jun 1983), v. 6(26) p. 18-23
_wBR8303751
909 _a202311
_bLúcia
_c55
_dLúcia Elande
942 _2AGRIS
_n0
_cANA
999 _c112621
_d112621